|
|
|
|
| LEADER |
02161nem a22004572a 4500 |
| 001 |
mzk03001086285 |
| 003 |
CZ BrMZK |
| 005 |
20230327161559.0 |
| 007 |
aj|aa||| |
| 008 |
110210s1786 au |||||||a|||r|1|||freod |
| 034 |
1 |
|
|a a
|b 1700
|d E0161526
|e E0161710
|f N0481333
|g N0481250
|
| 040 |
|
|
|a BOA001
|b cze
|
| 043 |
|
|
|a e-au---
|
| 072 |
|
7 |
|a 712
|x Plánování krajiny. Parky. Zahrady
|2 Konspekt
|9 24
|
| 072 |
|
7 |
|a 912:904
|x Staré mapy
|2 Konspekt
|9 7
|
| 080 |
|
|
|a 712.26
|2 MRF
|
| 080 |
|
|
|a (084.3)
|2 MRF
|
| 080 |
|
|
|a (436.1)
|2 MRF
|
| 100 |
1 |
|
|a Schmoll, Friedrich,
|d zemř. 1823
|4 aut
|
| 245 |
1 |
0 |
|a Plan du Predigtstuhl avec l'Explication
|h [kartografický dokument] /
|c Dessiné par Schmoll Premier artificieur. Gravé par K. Ponheimer
|
| 255 |
|
|
|a Měřítko [ca 1:1 700] 14,5 cm = Echele de 130 Toisse de Vienn
|c (E 16°15'26"--E 16°17'10"/N 48°13'33"--N 48°12'50")
|
| 260 |
|
|
|a [Wien? :
|b s.n.,
|c 1786?]
|
| 300 |
|
|
|a 1 mapa :
|b mědirytina ;
|c 48,5 x 82,5 cm na listu 65,5 x 91 cm, složeno na 65,5 x 47 cm
|
| 500 |
|
|
|a Plán zahrady u zámku Wilheminenberg (Galitzinberg) ve Vídni
|
| 500 |
|
|
|a Výzdoba: Nad obrazem název, po stranách komentář k jednotlivým stavbám apod., u levého horního rohu směrová ružice
|
| 510 |
4 |
|
|a Dörflinger, J. Österreichische Karten des frühen 19. Jahrhunderts,
|c s. 459
|
| 510 |
4 |
|
|a Hohensinner, S.: Bibliographie historischer Karten und Literatur zu österreichischen Flusslandschaften,
|c s. 329
|
| 650 |
0 |
7 |
|a historické zahrady
|7 ph120734
|2 czenas
|
| 651 |
|
7 |
|a Ottakring (Vídeň, Rakousko)
|7 ge422531
|2 czenas
|
| 651 |
|
4 |
|a Wilheminenberg (Vídeň, Rakousko)
|
| 655 |
|
7 |
|a historické mapy
|7 fd186723
|2 czenas
|
| 700 |
1 |
|
|a Ponheimer, Kilian,
|d 1788-1829
|7 mzk2009511578
|4 egr
|
| 856 |
4 |
1 |
|u http://www.digitalniknihovna.cz/mzk/uuid/uuid:bcc30ae9-254b-43d2-aee2-26a52aa5effa
|y Digitalizovaný dokument
|
| 903 |
|
|
|a RP
|
| 910 |
|
|
|a BOA001
|b STMpa-1257.785
|
| 978 |
|
|
|b S.n.
|a Wien
|c 1786?
|
| 984 |
|
|
|a Vídeň
|b Rakousko
|
| 985 |
|
|
|a 1751-1800
|
| 990 |
|
|
|a MP
|
| 991 |
|
|
|k mzk
|
| 996 |
6 |
|
|b 2610465235
|c STMpa-1257.785
|l stud. ST
|r Sklad / do násl. otevíracího dne
|n 0
|w 001169205
|u 000010
|a 1
|e BOA001
|s P
|